LIBRARY & INFORMATION CENTRE, KCAET, TAVANUR

ONLINE PUBLIC ACCESS CATALOGUE (OPAC)

Normal view MARC view
  • FARHANA SHIRIN

Entry Personal Name

Number of records used in: 1

001 - CONTROL NUMBER

  • control field: 5499

003 - CONTROL NUMBER IDENTIFIER

  • control field: OSt

005 - DATE AND TIME OF LATEST TRANSACTION

  • control field: 20230624152221.0

008 - FIXED-LENGTH DATA ELEMENTS

  • fixed length control field: 230624|| aca||aabn | a|a d

040 ## - CATALOGING SOURCE

  • Original cataloging agency: OSt
  • Transcribing agency: OSt

100 ## - HEADING--PERSONAL NAME

  • Personal name: FARHANA SHIRIN
  • Personal name: MUBASHIR.K P
  • Personal name: SAJEER.K
  • Personal name: UMMUL ASNA.K
  • Personal name: VISHNU PRASAD J R

670 ## - SOURCE DATA FOUND

  • Source citation: Work cat.: (OSt)17720: FARHANA SHIRIN MUBASHIR.K P SAJEER.K UMMUL ASNA.K VISHNU PRASAD J R, ULTRASOUND ASSISTED EXTRACTION OF THEOBROMINE FROM COCOA BEAN SHELL , 2023
free website counter